000
00343nam a2200157Ia 4500
003
OSt
005
20240311143607.0
008
170523s9999 xx 000 0 und d
020
_a
978-9339223304
040
_c
iimtu meerut
100
_a
SEXENA- RAJAN
245
0
_a
MARKETING MANAGEMENT
260
_b
TMH
260
_c
2002
942
_2
ddc
_c
02
999
_c
1394
_d
1394